Text and Document Processing - in Science and Technology

Salvato in:
Dettagli Bibliografici
Autore principale: Ransom, Robert
Natura: Libro
Lingua:inglese
Pubblicazione: Wilmslow Sigma Press 1987
Edizione:1. ed.
Soggetti:
Tags: Aggiungi Tag
Nessun Tag, puoi essere il primo ad aggiungerne!!

MARC

LEADER 00000nam a2200000 4500
001 c000443
005 20221219121241.7
020 |a 0-470-20981-X 
041 0 |a eng 
044 |a US 
245 1 0 |a Text and Document Processing - in Science and Technology  |c Robert Ransom 
250 |a 1. ed. 
264 1 |a Wilmslow  |b Sigma Press  |c 1987 
300 |a 239 s. 
610 2 0 |a spracovanie textov 
610 2 0 |a dokumenty 
610 2 0 |a činnosť informačná 
610 2 0 |a veda 
610 2 0 |a technika 
610 2 0 |a spracovanie dát automatické 
610 2 0 |a procesory 
610 2 0 |a využitie počítačov 
610 2 0 |a IBM 
100 1 |a Ransom, Robert